| 000 | 00714nam a22002057a 4500 | ||
|---|---|---|---|
| 005 | 20240321111528.0 | ||
| 010 | _aB-756724-728 ENG-139843 | ||
| 020 |
_a9789394369696 _c350.00 |
||
| 035 | _aB-756724-728 | ||
| 035 | _aEN-123375 | ||
| 037 | _aPrakhar Goonj Publication | ||
| 082 | _a174 | ||
| 100 |
_aBharti, I.J _963725 |
||
| 245 |
_aThe Art of Living/ _cBy I.J Bharti |
||
| 260 |
_aNew Delhi _bPrakhar Goonj Publication _c2022 |
||
| 270 |
_a672/13, Urban Estate Karnal _bHaryana _e132001 |
||
| 300 |
_a172p. _c21cm(Pbk) |
||
| 942 |
_2ddc _cEN _h174 _mBHA |
||
| 999 |
_c199944 _d199944 |
||